| 000 | 00457nam a22001217a 4500 | ||
|---|---|---|---|
| 999 |
_c10073 _d10073 |
||
| 003 | OSt | ||
| 008 | 201218b ||||| |||| 00| 0 eng d | ||
| 245 | _aOriental Journal of Computer Science and Technology | ||
| 250 | _a2015(Apr Vol.8 No.1, Aug Vol.8 No.2, Dec Vol.8 No.3) 2016(Apr Vol.9 No.1, Aug Vol.9 No.2, Dec Vol.9 No.3) | ||
| 260 |
_aBhopal, M.P. _bOriental Scientific Publishing Company |
||
| 650 | _aBachelor of Computer Applications | ||
| 942 |
_2ddc _cBV |
||